Mort subite - Pays frontaliers de la France - Statistiques

Statistiques générales
  • Ce quiz a été pris 758 fois
  • Le résultat moyen est 8 sur 11
Answers on the Grid
Answers color-coded by a green-red scale on the quiz's grid according to % correct below.
Pologne
Allemagne
Liechtenstein
Andorre
Monaco
Italie
Portugal
Argentine
Pays-Bas
Guyana
Suriname
Royaume-Uni
Espagne
États-Unis
Belgique
Slovénie
Colombie
Chine
Suisse
Vietnam
Brésil
Saint-Marin
Luxembourg
 
Statistiques - réponses
Réponse % Correct
Allemagne
95%
Italie
93%
Monaco
90%
Andorre
81%
Espagne
78%
Belgique
73%
Suisse
70%
Luxembourg
65%
Brésil
56%
Suriname
38%
Pays-Bas
36%
Aucun quiz correspondant
Distribution des résultats
% des personnes avec chaque résultat
Percentile par nombre de réponses
Votre historique - résultats
Vous n’avez pas pris ce quiz